00511nam a22001577a 450000500170000000800410001702000150005804100130007308200130008610000280009924501030012725000190023026000500024930000290029965000250032820241204090027.0231123b |||||||| |||| 00| 0 eng d a9991622535 aEnglish  a342 BUK  aBukurura, SH lEnglish  aEssays on Constitutionalism and the Administration of Justice in Namibia 1990-2002 / cSH Bukurura aFirst Edition  aWindhoek : bOut of Africa Publishers, c2002 bx, 159 pages ; c22 cm.  aLegal practice bLaw